Did welfare reform influence the family of young teens? (Record no. 70968)

000 -LEADER
fixed length control field 00452pab a2200169 454500
008 - FIXED-LENGTH DATA ELEMENTS--GENERAL INFORMATION
fixed length control field 180718b2006 xxu||||| |||| 00| 0 eng d
100 ## - MAIN ENTRY--PERSONAL NAME
Personal name Lopoo, Leonard M.
245 ## - TITLE STATEMENT
Title Did welfare reform influence the family of young teens?
260 ## - PUBLICATION, DISTRIBUTION, ETC.
Date of publication, distribution, etc. 2006
300 ## - PHYSICAL DESCRIPTION
Extent p.275-98.
362 ## - DATES OF PUBLICATION AND/OR SEQUENTIAL DESIGNATION
Dates of publication and/or sequential designation Spring
650 ## - SUBJECT ADDED ENTRY--TOPICAL TERM
Topical term or geographic name entry element Fertility
650 ## - SUBJECT ADDED ENTRY--TOPICAL TERM
Topical term or geographic name entry element Social welfare
700 ## - ADDED ENTRY--PERSONAL NAME
Personal name DeLeire, Thomas
773 ## - HOST ITEM ENTRY
Main entry heading Journal of Policy Analysis and Management
909 ## -
-- 70968
Holdings
Withdrawn status Lost status Damaged status Not for loan Permanent Location Current Location Date acquired Serial Enumeration / chronology Barcode Date last seen Price effective from Koha item type
        Indian Institute of Public Administration Indian Institute of Public Administration 2018-07-19 Volume no: 25, Issue no: 2 AR71428 2018-07-19 2018-07-19 Articles

Powered by Koha